000 00250 a2200109 4500
001 90187
082 _a297.09 RAU
090 _c42527
_d42527
100 _aRauf Abdul
245 _aIllustrated history of Islam
260 _aLahore
_bFerozsons
_c1994
942 _aNUST-CAE
_k297.09 RAU
999 _c325260
_d325260